000 00467nam a22001697a 4500
005 20251108165324.0
008 250721s1984 xx 000 0 ara d
082 1 4 _a956.62/محم
100 1 _aالعلامات، محمود جلال
245 1 0 _aالسبئيون و سد مأرب /
264 1 _aجدة :
_bتهامه،
_c1984.
300 _a236ص :مص ؛ فهارس
650 1 7 _aاليمن
650 1 7 _aالتاريخ
942 _2ddc
_cBK
999 _c25040
_d25040